000 00366pab a2200145 454500
008 180718b2001 xxu||||| |||| 00| 0 eng d
100 _aWalstad, William B.
245 _aEconomic education in U.S. high schools
260 _c2001
300 _ap.195-210
362 _aSummer
650 _aEconomics
773 _aJournal of Economic Perspectives
909 _a50259
999 _c50259
_d50259